Untranquil Recollections : (Record no. 181528)

MARC details
000 -LEADER
fixed length control field 00526nam a22001817a 4500
005 - DATE AND TIME OF LATEST TRANSACTION
control field 20210923154420.0
010 ## - LCCN (DPL NO)
LC control number ENG-129959
020 ## - INTERNATIONAL STANDARD BOOK NUMBER
Terms of availability 595.00
International Standard Book Number 9789353887391
035 ## - SYSTEM CONTROL NUMBER
System control number EN-113491
037 ## - SOURCE OF ACQUISITION
Source of stock number/acquisition DBAD/PUB
082 ## - DEWEY DECIMAL CLASSIFICATION NUMBER
Classification number 954.9206092
100 ## - MAIN ENTRY--PERSONAL NAME
Personal name Sobhan,Rehman
245 ## - TITLE STATEMENT
Title Untranquil Recollections :
Statement of responsibility, etc Rehman Sobhan
Remainder of title Nation Building in post-liberation Bangladesh/
260 ## - PUBLICATION, DISTRIBUTION, ETC. (IMPRINT)
Name of publisher, distributor, etc Sage
Date of publication, distribution, etc 2021
270 ## - ADDRESS
City New Delhi
Address BI/1-1 Mohan Cooperative Industrial Area
Postal code 110044
300 ## - PHYSICAL DESCRIPTION
Extent 348p.
Dimensions 25cm
942 ## - ADDED ENTRY ELEMENTS (KOHA)
Source of classification or shelving scheme Dewey Decimal Classification
Item type English Books
Call number suffix SOB
Holdings
Withdrawn status Lost status Not for loan Collection code Home library Current library Date acquired Source of acquisition Cost, normal purchase price Full call number Barcode Copy number Cost, replacement price Koha item type
      Non-fiction Shahdara Branch Shahdara Branch 23/09/2021 DBAD/PUB 595.00 954.9206092 SOB EN-113491 1 595.00 English Books

© Delhi Public Library
Hit Counter
free hit counter